Includes bibliographies (Record no. 15375)

000 -LEADER
fixed length control field 00588nam a22002171 4500
001 - CONTROL NUMBER
control field 15375
003 - CONTROL NUMBER IDENTIFIER
control field BD-DhUET
008 - FIXED-LENGTH DATA ELEMENTS--GENERAL INFORMATION
fixed length control field 731030m19621966njua b 000 0 eng
040 ## - CATALOGING SOURCE
Original cataloging agency DLC
Transcribing agency DLC
Modifying agency BD-DhUET
082 00 - DEWEY DECIMAL CLASSIFICATION NUMBER
Classification number 543
Item number FUR/1966
100 ## - MAIN ENTRY--PERSONAL NAME
Personal name Furman, N. Howell
245 00 - TITLE STATEMENT
Title Includes bibliographies
250 ## - EDITION STATEMENT
Edition statement 6th ed.
260 ## - PUBLICATION, DISTRIBUTION, ETC. (IMPRINT)
Place of publication, distribution, etc. New York
Name of publisher, distributor, etc. Van Nostrand Reinhold
Date of publication, distribution, etc. 1966
300 ## - PHYSICAL DESCRIPTION
Extent xi, (975-2018)p.
Other physical details ill.
500 ## - GENERAL NOTE
General note Vol.3 (Instrumental methods)
Part. B
504 ## - BIBLIOGRAPHY, ETC. NOTE
Bibliography, etc Includes bibliographies
650 #0 - SUBJECT ADDED ENTRY--TOPICAL TERM
Topical term or geographic name as entry element Chemistry, Analytic
700 ## - ADDED ENTRY--PERSONAL NAME
Personal name Welcher, Frank J.
942 ## - ADDED ENTRY ELEMENTS (KOHA)
Koha item type Edited Book
Holdings
Koha item type Damaged status Date acquired Not for loan Shelving location Lost status Koha date last seen Piece designation (barcode) Withdrawn status Koha full call number Source of classification or shelving scheme Location (home branch) Sublocation or collection (holding branch) Copy number Price effective from Koha normalized classification for sorting
Edited Book 2015-03-12 Circulation section 2015-03-1228818 543/FUR/1966 Central Library, BUETCentral Library, BUET12015-03-12543_000000000000000_FUR_1966
Edited Book 2015-03-12 Circulation section 2015-03-1228828 543/FUR/1966 Central Library, BUETCentral Library, BUET22015-03-12543_000000000000000_FUR_1966
Edited Book 2015-03-12 Circulation section 2015-03-1228836 543/FUR/1966 Central Library, BUETCentral Library, BUET42015-03-12543_000000000000000_FUR_1966
Edited Book 2015-03-12 Circulation section 2015-03-1228831 543/FUR/1966 Central Library, BUETCentral Library, BUET52015-03-12543_000000000000000_FUR_1966
Edited Book 2015-03-12 Circulation section 2015-03-1238894 543/FUR/1966 Central Library, BUETCentral Library, BUET62015-03-12543_000000000000000_FUR_1966
Edited Book 2015-03-12 Circulation section 2018-02-2028827 543/FUR/1966 Central Library, BUETCentral Library, BUET72015-03-12543_000000000000000_FUR_1966
Edited Book 2015-03-12 Circulation section 2015-03-1228837 543/FUR/1966 Central Library, BUETCentral Library, BUET82015-03-12543_000000000000000_FUR_1966
Edited Book 2015-03-12 Circulation section 2015-03-1228826 543/FUR/1966 Central Library, BUETCentral Library, BUET92015-03-12543_000000000000000_FUR_1966
Edited Book 2015-03-12 Circulation section 2015-03-1228832 543/FUR/1966 Central Library, BUETCentral Library, BUET102015-03-12543_000000000000000_FUR_1966